000 00946nab a2200265 u 4500
001 11745
003 HDC
007 cr bn ---aaaaa
008 210207c9999 |r|noo 0 a eng d
040 _aHDC
100 _aKamaliza Kamaruddin
_eauthor
_911256
245 0 _aSme Corp Terengganu Clinches Rm14.4 Mln Sales At Sme Week / by
_cKamaliza Kamaruddin
260 _a[no place] :
_b[publisher not identified],
_c[no year]
336 _atext
_2rdacontent
337 _acomputer
_2rdamedia
338 _aonline resource
_2rdacarrier
650 _aIndustrial week
_912114
650 _aSmall and Medium Enterprise(SME)
_912113
650 _aSME Corporation Malaysia (SME Corp)
_99364
710 _aBernama
856 _zRequest full-text at [email protected]
942 _2lcc
942 _cNEWS
942 _kNWSO 001365
999 _c9068
_d9068